Normal view MARC view
  • Mackenzie, Compton, Sir

Entry Personal Name

Number of records used in: 1

001 - CONTROL NUMBER

  • control field: 107608

003 - CONTROL NUMBER IDENTIFIER

  • control field: NUST

005 - DATE AND TIME OF LATEST TRANSACTION

  • control field: 20230125112827.0

008 - FIXED-LENGTH DATA ELEMENTS

  • fixed length control field: 230125|| aca||aabn | a|a d

040 ## - CATALOGING SOURCE

  • Original cataloging agency: NUST
  • Transcribing agency: NUST

100 ## - HEADING--PERSONAL NAME

  • Personal name: Mackenzie, Compton, Sir

670 ## - SOURCE DATA FOUND

  • Source citation: Work cat.: (NUST)186116: Mackenzie, Compton, Sir,, On moral courage /, 1962
© 2023 Central Library, National University of Sciences and Technology. All Rights Reserved.